Posvietiť si na rozhodcov ! Vodní pólisti ŠKP Košice na výslní už dvadsiaty ôsmy raz

Bibliographic Details
Main Author: Kovář, Zdeněk (Author)
Corporate Author: Športový klub policajtov, Košice (Author)
Format: Article
Language:Slovak
Subjects:

MARC

LEADER 00000nab a2200000 a 4500
001 vtls000913570
003 SK-MaSNL
005 20260303202824.0
008 040720e19910625xo 0 slo
035 |a KE22469 
040 |a KEVKJB  |b slo  |c KEVKJB  |e AACR2 
041 0 |a slo 
044 |a xo  |c SK 
080 |a 797.25  |2 1981 
100 1 |a Kovář, Zdeněk  |4 aut  |9 266642 
245 1 0 |a Posvietiť si na rozhodcov !  |b Vodní pólisti ŠKP Košice na výslní už dvadsiaty ôsmy raz 
610 2 7 |a Športový klub policajtov, Košice  |2 KEVKJB  |9 882449 
650 0 7 |a vodné pólo  |2 KEVKJB  |9 3219 
650 0 7 |a úspechy športové  |2 KEVKJB  |9 873251 
651 7 |a KE,  |2 KEVKJB  |9 877256 
655 7 |a periodikum  |2 snkbucl  |9 29553 
710 2 |a Športový klub policajtov, Košice  |4 aut  |9 882449 
773 0 8 |t Šport  |g Roč. 45  |g Roč. 20, č.147, 25.6.1991, s. 2 
852 |a ZVYKNI  |b KIS3GCP 
999 |c 2182012  |d 2183942